• 首页
  • 本馆介绍
  • 公告通知
  • 最新文献
  • 馆藏检索
  • 电子资源
  • 读者导购
  • 参考咨询
  • 我的图书馆
  • 登录
  • 详细信息显示
  • 放入我的书架
  • 预约/预借图书
  • 作者相关作品
  • 分类相关作品
  • 丛书相关作品
  • 出版社相关作品

书目信息

  • 表格格式
  • 工作单格式
  • 卡片格式
题名:
魅力微班会
    
 
作者: 丁如许 主编
分册:  
出版信息: 上海   华东师范大学出版社  2017
页数: 177页
开本: 23cm
丛书名: “魅力班会课”系列丛书
单 册:
中图分类: G635.16 , G635.5
科图分类:
主题词: 班主任工作--中小学 , 班会--中小学
电子资源:
ISBN: 978-7-5675-6583-8
000 01173oam2 2200289 450
001 3772
005 20180527192920.06
010    @a978-7-5675-6583-8@dCNY39.80
100    @a20171018d2017 em y0chiy50 ea
101 0  @achi
102    @aCN@b310000
105    @ay z 000yy
200 1  @a魅力微班会@9mei li wei ban hui@f丁如许主编
210    @a上海@c华东师范大学出版社@d2017
215    @a177页@d23cm
225 1  @a“魅力班会课”系列丛书
300    @a大夏书系·全国中小学班主任培训用书
314    @a丁如许,著名中学特级教师。现任上海新纪元教育集团丁如许工作室领衔人,并兼任上海、江苏、浙江等地的区、校班主任工作室导师。出版有《打造魅力班会课》《魅力班会课(小学卷)(初中卷)(高中卷)》等专著、参编著作24部。
330    @a本书作者丁如许老师及其团队成员,在班会课研究方面取得了一系列重要成果。比如将班会课作为教师在岗培训的重要内容,开展班会课经验交流研讨、举行班会课技能比赛,出版班会课研究书籍等等。
461  0 @12001 @a“魅力班会课”系列丛书
606 0  @a班主任工作@x中小学
606 0  @a班会@x中小学
690    @aG635.16@v5
690    @aG635.5@v5
701  0 @a丁如许@9ding ru xu@4主编
801  0 @aCN@b91MARC@c20171018
905    @aMuseLib@dG635.16@e1297
    
    魅力微班会/丁如许主编.-上海:华东师范大学出版社,2017
    177页;23cm.-(“魅力班会课”系列丛书)
    大夏书系·全国中小学班主任培训用书
    
    ISBN 978-7-5675-6583-8:CNY39.80
    本书作者丁如许老师及其团队成员,在班会课研究方面取得了一系列重要成果。比如将班会课作为教师在岗培训的重要内容,开展班会课经验交流研讨、举行班会课技能比赛,出版班会课研究书籍等等。
●
相关链接 在E读中查询图书 在五车中查询图书 在当当中查询图书 在豆瓣中查询图书


正题名:魅力微班会     索取号:G635.16/1297         预约/预借

序号 登录号 条形码 馆藏地/架位号 状态 备注
1 1110559   211105597   第一样本阅览室/ [索取号:G635.16/1297] 在馆    
2 1110560   211105604   教育系资料室/ [索取号:G635.16/1297] 在馆    
3 1110561   211105613   教育系资料室/ [索取号:G635.16/1297] 在馆    
4 1110562   211105622   第四借阅区/ [索取号:G635.16/1297] 在馆    
唐山师范学院图书馆 欢迎您!
大连网信软件有限公司© 版权所有